| Tag |
First Indicator |
Second Indicator |
Subfields |
| LEADER |
00000cam a2200000Ki 4500 |
| 001 |
in00004367259 |
| 005 |
20220105160016.0 |
| 006 |
m o d |
| 007 |
cr cnu---unuuu |
| 008 |
210924t20212021enk o 000 0 eng d |
| 020 |
|
|
|a 9781009086462
|q electronic book
|
| 020 |
|
|
|a 1009086464
|q electronic book
|
| 020 |
|
|
|z 9781009100311
|q hardcover
|
| 020 |
|
|
|z 1009100319
|q hardcover
|
| 020 |
|
|
|z 9781009078634
|q paperback
|
| 020 |
|
|
|z 1009078631
|q paperback
|
| 024 |
8 |
|
|a 40030745019
|
| 035 |
|
|
|a (NhCcYBP)ybp302327942
|
| 040 |
|
|
|a NhCcYBP
|c NhCcYBP
|d UtOrBLW
|
| 043 |
|
|
|a n-us---
|
| 050 |
|
4 |
|a JK2271
|b .B87 2021
|
| 082 |
0 |
4 |
|a 324.273
|2 23
|
| 100 |
1 |
|
|a Busby, Ethan C.,
|e author.
|0 http://id.loc.gov/authorities/names/no2021121700
|
| 245 |
1 |
4 |
|a The partisan next door :
|b stereotypes of party supporters and consequences for polarization in America /
|c Ethan C. Busby, Adam J. Howat, Jacob E. Rothschild, Richard M. Shafranek.
|
| 264 |
|
1 |
|a Cambridge, United Kingdom ;
|a New York, NY :
|b Cambridge University Press,
|c 2021.
|
| 264 |
|
4 |
|c ©2021
|
| 300 |
|
|
|a 1 online resource.
|
| 336 |
|
|
|a text
|b txt
|2 rdacontent
|
| 337 |
|
|
|a computer
|b c
|2 rdamedia
|
| 338 |
|
|
|a online resource
|b cr
|2 rdacarrier
|
| 490 |
1 |
|
|a Cambridge elements. Elements in American politics
|
| 588 |
|
|
|a Description based on online resource; title from digital title page (viewed on September 24, 2021).
|
| 500 |
|
|
|a Electronic resource.
|
| 650 |
|
0 |
|a Divided government
|z United States.
|
| 650 |
|
0 |
|a Political parties
|z United States.
|0 http://id.loc.gov/authorities/subjects/sh85104375
|
| 650 |
|
0 |
|a Stereotypes (Social psychology)
|x Political aspects
|z United States.
|
| 650 |
|
0 |
|a Polarization (Social sciences)
|z United States.
|
| 651 |
|
0 |
|a United States
|x Politics and government
|y 21st century.
|
| 655 |
|
7 |
|a Electronic books.
|2 local
|
| 700 |
1 |
|
|a Howat, Adam J.,
|e author.
|0 http://id.loc.gov/authorities/names/no2021121703
|
| 700 |
1 |
|
|a Rothschild, Jacob E.,
|e author.
|0 http://id.loc.gov/authorities/names/no2021121712
|
| 700 |
1 |
|
|a Shafranek, Richard M.,
|e author.
|
| 710 |
2 |
|
|a Cambridge University Press.
|0 http://id.loc.gov/authorities/names/n50059133
|
| 830 |
|
0 |
|a Cambridge elements.
|p Elements in American politics.
|0 http://id.loc.gov/authorities/names/no2018132336
|
| 856 |
4 |
0 |
|u http://proxy.library.tamu.edu/login?url=https://doi.org/10.1017/9781009086462
|z Connect to the full text of this electronic book
|t 0
|
| 945 |
|
|
|b 46121
|
| 945 |
|
|
|a machinegen
|
| 955 |
|
|
|a YBP purchased approval e-records
|
| 980 |
|
|
|b ebook
|c 40030745019
|f NONFIC/B
|g 565751
|k USD
|m 115.00
|q 1
|s AcqMono Conventional
|t Approval plan
|u Vendor order reference number
|v ZYBP
|y E-approvals
|z Electronic resource
|
| 999 |
f |
f |
|s bfaad076-97ed-36d4-8f28-f8f040197e6e
|i 202ee0ba-c054-3722-9a2e-88a8987f079b
|t 0
|
| 952 |
f |
f |
|a Texas A&M University
|b College Station
|c Electronic Resources
|d Available Online
|t 0
|e JK2271 .B87 2021
|h Library of Congress classification
|
| 998 |
f |
f |
|a JK2271 .B87 2021
|t 0
|l Available Online
|